Návrh adaptívneho tempomatu

Salvato in:
Dettagli Bibliografici
Autore principale: Sebő, Balázs (Autore)
Altri autori: Kozáková, Alena (Relatore della tesi)
Natura: Manoscritto Libro
Lingua:slovacco
Pubblicazione: 2019
Soggetti:
Accesso online:http://is.stuba.sk/zp/portal_zp.pl?podrobnosti=144506
Tags: Aggiungi Tag
Nessun Tag, puoi essere il primo ad aggiungerne!!

MARC

LEADER 00000ntm a22000003a 4500
001 stuzp70888
003 SK-STU
005 20190722100608.2
007 ta
008 150427s2015----xo-----f-mn---000-0-slo-d
040 |a STU  |b slo 
041 0 |a slo 
044 |a xo 
100 1 |a Sebő, Balázs  |u 030400  |k Z4  |4 aut  |U FEI Fakulta elektrotechniky a informatiky  |T FEI Ústav automobilovej mechatroniky  |X 53975  |U E400  |Y 642  |7 53975 
242 0 1 |a Adaptive Cruise Control Design  |y eng 
245 1 0 |a Návrh adaptívneho tempomatu 
260 |c 2019 
300 |a 67 s.,  |b CD-ROM 
650 4 |a adaptívny tempomat  |2 slo 
650 4 |a dynamika vozidla  |2 slo 
650 4 |a PID regulátor  |2 slo 
650 4 |a regulácia rýchlosti  |2 slo 
650 4 |a regulácia vzdialenosti  |2 slo 
650 4 |a spacing control  |2 eng 
650 4 |a adaptive cruise control  |2 eng 
650 4 |a vehicle dynamics  |2 eng 
650 4 |a PID controller  |2 eng 
650 4 |a speed control  |2 eng 
700 1 |a Kozáková, Alena  |u 030400  |k Z1  |4 ths  |U FEI Fakulta elektrotechniky a informatiky  |T FEI Ústav automobilovej mechatroniky  |X 4939  |U E400  |Y 642  |7 A000004939 
856 4 |u http://is.stuba.sk/zp/portal_zp.pl?podrobnosti=144506 
996 |b 284EP12285  |c E*DIPL- 12285  |l EE30  |s P  |a 0  |w stuzp70888_0001